| 000 | 00863nam a22002297a 4500 | ||
|---|---|---|---|
| 999 |
_c18825 _d18825 |
||
| 003 | AR-CdUCM | ||
| 008 | 190515b ||||| |||| 00| 0 spa d | ||
| 040 |
_aMUNICIPALIDAD PROVINCIAL DEL CUSCO _cBIBLIOTECA MUNICIPAL DEL CUSCO |
||
| 082 |
_a901 / _bP66 |
||
| 100 |
_aPlejanov, Jorge _92201 |
||
| 245 | _aEl papel del individuo en la Historias / | ||
| 260 |
_aMexico : _bGrijalbo, _c1969. |
||
| 300 |
_a158 paginas ; _c19 cm. |
||
| 440 |
_aColección _n70 _92202 |
||
| 505 | _aContenido: Sobre la teoria de los factores -- Quietismo y necesidad -- Tesis, antitesis y sintesis -- Acerca de las opiniones de Carlos Lamprecht -- Sobre la actividad consciente de los individuos.. | ||
| 650 |
_aHistoria _9136 |
||
| 650 |
_aTesis _91981 |
||
| 650 |
_aIndividuo _95225 |
||
| 700 |
_aEncinares P., Antonio _92220 |
||
| 942 |
_2ddc _cLIBROS |
||
| 945 |
_apjha _d2019-05-15 |
||